| 000 | 00700nam a2200289Ia 4500 | ||
|---|---|---|---|
| 005 | 20260324112829.0 | ||
| 008 | 008 260324s9999 xx 000 0 eng d | ||
| 020 | _a9781003480204 | ||
| 037 | _aEBOOK | ||
| 040 | _aCRL | ||
| 040 | _beng | ||
| 040 | _cCRL | ||
| 041 | _2eng | ||
| 041 | _aeng | ||
| 084 | _qCRL | ||
| 100 |
_aMichael Zhang; Tao Lu; Chuan Shi _91144307 |
||
| 245 | 0 | _aNavigating the Factor Zoo | |
| 245 | 4 | _bThe Science of Quantitative Investing | |
| 260 | _bTaylor and Francis | ||
| 260 | _c2024 | ||
| 365 | _a | ||
| 365 | _b220 | ||
| 856 | _uhttp://www.taylorfrancis.com/books/9781003480204 | ||
| 942 | _cEBOOK | ||
| 999 |
_c1733674 _d1733674 |
||